Beliefs | 0 | 4 | 2 | 1 | 30 | 96 | 114.50 | 2 | 4 |
British and Commonwealth History | 0 | 2 | 0 | 0 | 20 | 85 | 107.50 | 0 | 2 |
History - European History | 1 | 0 | 0 | 0 | 15 | 55 | 55.00 | 1 | 1 |
Current Events | 1 | 0 | 0 | 0 | 15 | 24 | 24.00 | 1 | 1 |
Literature - American Literature | 1 | 0 | 0 | 0 | 15 | 70 | 70.00 | 0 | 1 |
Other Science: Earth Science | 0 | 1 | 0 | 0 | 10 | 137 | 137.00 | 0 | 1 |
Literature - European Literature | 0 | 1 | 0 | 0 | 10 | 136 | 136.00 | 0 | 1 |
Literature - British Literature | 0 | 1 | 0 | 0 | 10 | 101 | 101.00 | 1 | 1 |
Other Academic | 0 | 1 | 0 | 1 | 10 | 138 | 138.00 | 0 | 0 |
Social Science | 0 | 1 | 0 | 0 | 10 | 73 | 73.00 | 1 | 1 |
Science - Chemistry | 0 | 1 | 0 | 0 | 10 | 123 | 123.00 | 0 | 1 |
Science - Biology | 0 | 1 | 0 | 1 | 10 | 142 | 142.00 | 0 | 1 |
Ancient History and Archaeology | 0 | 1 | 1 | 0 | 5 | 112 | 112.00 | 1 | 1 |
History - American History | 0 | 1 | 1 | 0 | 5 | 69 | 69.00 | 1 | 1 |
Geography | 0 | 0 | 0 | 0 | 0 | | 0.00 | 0 | 0 |
Fine Arts - Auditory Fine Arts | 0 | 0 | 0 | 0 | 0 | | 0.00 | 0 | 0 |
History - World History | 0 | 0 | 1 | 0 | -5 | | 0.00 | 0 | 0 |
Fine Arts - Visual Fine Arts | 0 | 0 | 1 | 0 | -5 | | 0.00 | 0 | 0 |